EARNING IT HARD WON LESSONS FROM TRAILBL (Record no. 30515)

MARC details
000 -LEADER
fixed length control field 00344nam a2200133Ia 4500
008 - FIXED-LENGTH DATA ELEMENTS--GENERAL INFORMATION
fixed length control field 240624s9999 xx 000 0 und d
041 ## - LANGUAGE CODE
Language code of text/sound track or separate title eng
082 ## - DEWEY DECIMAL CLASSIFICATION NUMBER
Classification number 650.1082 LUB
100 ## - MAIN ENTRY--PERSONAL NAME
Personal name LUBLIN JOANN S
245 ## - TITLE STATEMENT
Title EARNING IT HARD WON LESSONS FROM TRAILBL
260 ## - PUBLICATION, DISTRIBUTION, ETC.
Date of publication, distribution, etc. 2016
Place of publication, distribution, etc. New York
Name of publisher, distributor, etc. HarperCollins
300 ## - PHYSICAL DESCRIPTION
Extent 295 p.; 23 cm.
365 ## - TRADE PRICE
Currency code
Price amount 38
Holdings
Withdrawn status Lost status Damaged status Not for loan Home library Current library Shelving location Date acquired Cost, normal purchase price Full call number Barcode Date last seen Copy number Price effective from Koha item type
        IMTN IMTN Rack 18-B 04/17/2018 27.99 650.1082 LUB 30515 06/24/2024 68.3 06/24/2024 Books
Designed & Maintained by: LRC IMT Nagpur Contact: lrc@imtnag.ac.in© 2024. All Rights Reserved.